000
00299nam a22001337a 4500
008
170615b xxu||||| |||| 00| 0 eng d
020
_a
9780023340109
041
_a
eng
080
_2
3RD
_a
32
100
_a
19
101
_a
SHP
245
_a
AMERICAN PUBLIC OPINION
_c
ERIKSON,R.S
942
_2
udc
_c
BK
999
_c
17638
_d
17638